| 000 | 00637 a2200181 4500 | ||
|---|---|---|---|
| 020 | _a8131725995 | ||
| 020 | _a9788131725993 | ||
| 090 |
_c2020 _d2020 |
||
| 100 | 1 | _aPindych, Robert S.; Rubinfeld, Daniel L.; Mehta Prem L. | |
| 245 | 1 | 0 |
_aMicroeconomics, 7th edition / _cRobert S. Pindyck. |
| 250 | _a7th edition ed. | ||
| 260 |
_a[S.l.] : _bPrentice Hall, _c2009. |
||
| 300 | _a674 p. | ||
| 500 | _aPaperback. | ||
| 856 | 4 | 0 |
_3Amazon.com _uhttp://www.amazon.com/exec/obidos/ASIN/8131725995/chopaconline-20 |
| 856 | 4 | 0 |
_3Amazon customer reviews _uhttp://www.chopac.org/cgi-bin/tools/azrev.pl?q=8131725995 |
| 942 |
_aNBS _cBK _k338.5 PIN |
||
| 999 |
_c344523 _d344523 |
||